[Event "Titled Tuesday intern op 02nd Apr Early"]
[Site "Chess.com INT"]
[Date "2024.04.02"]
[Round "10"]
[White "Dinu, Dumitru Daniel"]
[Black "Harriott, Tyrell"]
[Result "1-0"]
[WhiteElo "2190"]
[BlackElo "1884"]
[PlyCount "79"]
[EventDate "2024.04.02"]
[EventType "swiss (blitz)"]
[EventRounds "11"]
[EventCountry "USA"]
[SourceTitle "CB15_2024"]
[SourceDate "2024.04.10"]
[SourceVersion "1"]
[SourceVersionDate "2024.04.10"]
[SourceQuality "1"]

1. e4 d6 2. d4 Nf6 3. Nc3 Nbd7 4. Nf3 e5 5. Bc4 Be7 6. 0-0 0-0 7. a4 c6 8. Re1 Qc7 9. h3 h6 10. Be3 Re8 11. a5 Nf8 12. d5 c5 13. Bb5 Rd8 14. Nd2 Ng6 15. Bf1 Nh7 16. Nc4 Bd7 17. Na3 Rdb8 18. a6 bxa6 19. Bxa6 Rxb2 20. Ncb5 Qb6 21. Nc4 Qb8 22. Nxb2 Bxb5 23. Bxb5 Qxb5 24. Na4 Bg5 25. Qe2 Qd7 26. Nb6 Qe8 27. Nxa8 Qxa8 28. Qa6 Bxe3 29. fxe3 Qd8 30. Rf1 Nhf8 31. Qb7 f6 32. Rxa7 Nd7 33. Ra8 Qxa8 34. Qxa8+ Ngf8 35. Rb1 Kh7 36. Rb7 c4 37. Qd8 c3 38. Rxd7 Nxd7 39. Qxd7 Kg6 40. Qxd6 1-0

[Event "Titled Tuesday intern op 12th Mar Late"]
[Site "Chess.com INT"]
[Date "2024.03.12"]
[Round "10"]
[White "Harriott, Tyrell"]
[Black "Curi, Gabriel"]
[Result "1-0"]
[WhiteElo "1884"]
[BlackElo "2090"]
[PlyCount "99"]
[EventDate "2024.03.12"]
[EventType "swiss (blitz)"]
[EventRounds "11"]
[EventCountry "USA"]
[SourceTitle "CB12_2024"]
[SourceDate "2023.10.01"]
[SourceVersion "1"]
[SourceVersionDate "2023.10.01"]
[SourceQuality "1"]

1. d4 d5 2. e3 c5 3. c3 Nc6 4. f4 Bf5 5. Ne2 Nf6 6. Ng3 Be4 7. Nd2 e6 8. Ndxe4 Nxe4 9. Nxe4 dxe4 10. Qc2 f5 11. Qb3 Qd7 12. Be2 cxd4 13. exd4 Be7 14. 0-0 0-0 15. Bc4 Rf6 16. Be2 a6 17. Be3 b5 18. a4 Na5 19. Qa2 b4 20. Rad1 Rff8 21. c4 b3 22. Qa1 Rfc8 23. c5 Nc6 24. Bc4 Rcb8 25. d5 Na5 26. dxe6 Qc8 27. Bd5 Bxc5 28. e7+ Kh8 29. e8Q+ Qxe8 30. Bxc5 Nc6 31. Qc1 Rc8 32. Qe3 Rab8 33. Qg3 h6 34. Bxc6 Rxc6 35. Bd4 Rb7 36. Be5 Rg6 37. Qh3 Rf7 38. Qxb3 Kh7 39. Qh3 Qxa4 40. Rd8 Qc4 41. Rfd1 Qc5+ 42. Kh1 e3 43. R8d6 Rxd6 44. Bxd6 Qc2 45. Qf3 Rf6 46. Be5 Rb6 47. Re1 Rc6 48. Qxe3 a5 49. h3 Rc4 50. Qf3 1-0

[Event "Titled Tuesday intern op 12th Mar Early"]
[Site "Chess.com INT"]
[Date "2024.03.12"]
[Round "3"]
[White "Harriott, Tyrell"]
[Black "Skatchkov, Valery"]
[Result "0-1"]
[WhiteElo "1884"]
[BlackElo "2200"]
[PlyCount "112"]
[EventDate "2024.03.12"]
[EventType "swiss (blitz)"]
[EventRounds "11"]
[EventCountry "USA"]
[SourceTitle "CB12_2024"]
[SourceDate "2023.10.01"]
[SourceVersion "1"]
[SourceVersionDate "2023.10.01"]
[SourceQuality "1"]

1. d4 d5 2. e3 c5 3. c3 Nc6 4. f4 g6 5. Bd3 Bg7 6. Nf3 Nh6 7. 0-0 Bf5 8. Be2 0-0 9. Nbd2 Ng4 10. Nb1 Qa5 11. Ne1 Nf6 12. Nd3 Ne4 13. dxc5 Rad8 14. b4 Qc7 15. Bb2 b6 16. cxb6 Qxb6 17. Qc1 e5 18. g4 Bc8 19. f5 d4 20. cxd4 exd4 21. Bf3 dxe3 22. Bxe4 e2+ 23. Rf2 Bxb2 24. Qxb2 Rxd3 25. Qxe2 Re3 26. Qc2 Nd4 27. Qc5 Rxe4 28. Qxb6 Re1+ 29. Rf1 Rxf1+ 30. Kxf1 axb6 31. Nc3 Ba6+ 32. Kf2 Rc8 33. Nd5 Rc2+ 34. Kg3 gxf5 35. a4 Bb7 36. Nxb6 Rg2+ 37. Kf4 Rxg4+ 38. Ke5 Nc2 39. Rd1 Nxb4 40. Kf6 Rg6+ 41. Kxf5 Rxb6 42. h4 Kg7 43. h5 h6 44. a5 Ra6 45. Rb1 Rxa5+ 46. Kf4 Rc5 47. Rxb4 Bd5 48. Rb8 Be6 49. Rb2 Rxh5 50. Kg3 Rg5+ 51. Kh4 Kg6 52. Rb8 Rg4+ 53. Kh3 Rb4+ 54. Kh2 Rxb8 55. Kg3 Rb3+ 56. Kh4 Rh3# 0-1

[Event "Titled Tuesday intern op 12th Mar Late"]
[Site "Chess.com INT"]
[Date "2024.03.12"]
[Round "7"]
[White "Ivanov, Svetlen"]
[Black "Harriott, Tyrell"]
[Result "1-0"]
[WhiteElo "1837"]
[BlackElo "1884"]
[PlyCount "111"]
[EventDate "2024.03.12"]
[EventType "swiss (blitz)"]
[EventRounds "11"]
[EventCountry "USA"]
[SourceTitle "CB12_2024"]
[SourceDate "2023.10.01"]
[SourceVersion "1"]
[SourceVersionDate "2023.10.01"]
[SourceQuality "1"]

1. d4 d6 2. Nf3 Nf6 3. g3 Nbd7 4. Bg2 e5 5. dxe5 dxe5 6. 0-0 Be7 7. c4 0-0 8. Qc2 c6 9. Nc3 Qc7 10. Rb1 Re8 11. b4 Nf8 12. Bg5 Ng6 13. Nd2 Be6 14. a4 Qc8 15. b5 Bh3 16. Bxf6 Bxg2 17. Kxg2 gxf6 18. e4 Qg4 19. Qd1 Qg5 20. Nf3 Qh6 21. Qe2 Kh8 22. bxc6 bxc6 23. Rb7 Rg8 24. Kh1 a5 25. Nd1 Bc5 26. Rxf7 Raf8 27. Rxf8 Rxf8 28. Ne3 Ne7 29. Nf5 Nxf5 30. exf5 Qh5 31. Qe4 Bb4 32. Kg2 c5 33. Rd1 Rg8 34. Rd7 Qe8 35. Qd5 Qh5 36. Qf7 Qxf7 37. Rxf7 Re8 38. Rxf6 Kg7 39. Re6 Rxe6 40. fxe6 Kf6 41. Ng5 h6 42. Ne4+ Kxe6 43. Kf3 Kf5 44. g4+ Ke6 45. h4 Ba3 46. g5 hxg5 47. hxg5 Kf5 48. Ke3 Bc1+ 49. Kd3 Bxg5 50. Nxc5 Bh4 51. f3 Be1 52. Nb3 Kf4 53. Ke2 Bb4 54. c5 e4 55. fxe4 Kxe4 56. c6 1-0

[Event "Titled Tuesday intern op 12th Mar Early"]
[Site "Chess.com INT"]
[Date "2024.03.12"]
[Round "2"]
[White "Kokoszczynski, Jan"]
[Black "Harriott, Tyrell"]
[Result "0-1"]
[WhiteElo "2272"]
[BlackElo "1884"]
[PlyCount "76"]
[EventDate "2024.03.12"]
[EventType "swiss (blitz)"]
[EventRounds "11"]
[EventCountry "USA"]
[SourceTitle "CB12_2024"]
[SourceDate "2023.10.01"]
[SourceVersion "1"]
[SourceVersionDate "2023.10.01"]
[SourceQuality "1"]

1. d4 d6 2. Nf3 Nf6 3. g3 Nbd7 4. Bg2 e5 5. 0-0 Be7 6. c4 0-0 7. Nc3 Re8 8. e4 c6 9. h3 Qc7 10. Re1 Nf8 11. d5 c5 12. a3 Bd7 13. Be3 Qc8 14. b4 cxb4 15. axb4 Qxc4 16. Rc1 Qxb4 17. Nd2 Rec8 18. Ne2 Ba4 19. Rxc8 Rxc8 20. Qa1 b5 21. g4 h6 22. Qa2 Rc2 23. Qa1 Rxd2 24. Bxd2 Qxd2 25. Ng3 Ng6 26. Rc1 Nf4 27. Rc8+ Kh7 28. Bf1 Ng8 29. Qc3 Qd1 30. Qc7 b4 31. Qb8 Nf6 32. Rh8+ Kg6 33. Qxb4 a6 34. Qb8 Bb5 35. Qc8 Nd7 36. Qg8 Bf6 37. Qh7+ Kg5 38. Qf5+ Kh4 0-1

[Event "Titled Tuesday intern op 12th Mar Early"]
[Site "Chess.com INT"]
[Date "2024.03.12"]
[Round "7"]
[White "Pinero Rodriguez, Carlos Jose"]
[Black "Harriott, Tyrell"]
[Result "1-0"]
[WhiteElo "2284"]
[BlackElo "1884"]
[PlyCount "165"]
[EventDate "2024.03.12"]
[EventType "swiss (blitz)"]
[EventRounds "11"]
[EventCountry "USA"]
[SourceTitle "CB12_2024"]
[SourceDate "2023.10.01"]
[SourceVersion "1"]
[SourceVersionDate "2023.10.01"]
[SourceQuality "1"]

1. e4 d6 2. d4 Nf6 3. Nc3 Nbd7 4. g3 e5 5. Bg2 Be7 6. Nge2 0-0 7. 0-0 Re8 8. h3 c6 9. a4 Nf8 10. Kh2 Ng6 11. f4 h6 12. f5 Nf8 13. dxe5 dxe5 14. Be3 Qxd1 15. Rfxd1 b6 16. g4 N6h7 17. Rd2 Ba6 18. Rad1 Rad8 19. a5 b5 20. Nc1 Ra8 21. Nb3 Nf6 22. Bc5 Bd8 23. Bb4 Be7 24. Bxe7 Rxe7 25. Nc5 Bc8 26. Na2 N6d7 27. Nxd7 Bxd7 28. Nb4 Be8 29. Rd6 Rc8 30. Bf1 Rec7 31. Na6 Rd7 32. Nc5 Rxd6 33. Rxd6 f6 34. b4 Kf7 35. c4 Ke7 36. Rd2 bxc4 37. Bxc4 Rb8 38. Rb2 Nd7 39. Ne6 c5 40. b5 Bf7 41. Kg2 Bxe6 42. fxe6 Nf8 43. Kf2 Nxe6 44. Bxe6 Kxe6 45. Ke3 Rd8 46. b6 axb6 47. Rxb6+ Ke7 48. Rb7+ Kf8 49. a6 Kg8 50. a7 Kh7 51. Rb8 Rd1 52. a8Q Re1+ 53. Kf3 Rf1+ 54. Kg2 Rd1 55. Rd8 Rc1 56. Rh8+ Kg6 57. Qe8+ Kg5 58. Rg8 Kf4 59. Qg6 Rc2+ 60. Kf1 Rc1+ 61. Ke2 Rc2+ 62. Kd3 Rf2 63. Qf5+ Kg3 64. Qxf2+ Kxf2 65. Rxg7 Kf3 66. Rg6 h5 67. gxh5 Kf4 68. h6 f5 69. exf5 e4+ 70. Ke2 c4 71. Rc6 c3 72. Rxc3 Kxf5 73. Rg3 Kf4 74. Rg1 Ke5 75. h7 Kd4 76. h8Q+ Kc4 77. Rc1+ Kd5 78. Qh5+ Ke6 79. Rc6+ Kd7 80. Qd5+ Ke7 81. Qe6+ Kf8 82. Rc8+ Kg7 83. Rg8+ 1-0

[Event "Titled Tuesday intern op 12th Mar Late"]
[Site "Chess.com INT"]
[Date "2024.03.12"]
[Round "11"]
[White "Stark, Lars"]
[Black "Harriott, Tyrell"]
[Result "1-0"]
[WhiteElo "2367"]
[BlackElo "1884"]
[PlyCount "75"]
[EventDate "2024.03.12"]
[EventType "swiss (blitz)"]
[EventRounds "11"]
[EventCountry "USA"]
[SourceTitle "CB12_2024"]
[SourceDate "2023.10.01"]
[SourceVersion "1"]
[SourceVersionDate "2023.10.01"]
[SourceQuality "1"]

1. c4 d6 2. g3 Nf6 3. Bg2 Nbd7 4. Nc3 e5 5. e3 Be7 6. Nge2 Nf8 7. 0-0 c6 8. h3 Bd7 9. d4 Qc8 10. Kh2 Ng6 11. f4 h6 12. Qd3 exf4 13. gxf4 Nh4 14. Ng1 0-0 15. Bh1 Nh7 16. Bd2 Kh8 17. Be1 Qc7 18. Bg3 Nf5 19. Bf2 Nh4 20. Rae1 Rae8 21. Bg3 Nf5 22. Bf2 Qd8 23. Nf3 Bc8 24. Bg2 d5 25. cxd5 cxd5 26. Ne5 Nf6 27. Ng4 Nxg4+ 28. hxg4 Nh4 29. f5 Bd6+ 30. Kh3 Nxf5 31. gxf5 Qg5 32. Bh4 Qh5 33. Nxd5 g6 34. e4 gxf5 35. exf5 Rxe1 36. Nf6 Bxf5+ 37. Rxf5 Qg6 38. Bxe1 1-0

[Event "Titled Tuesday intern op 06th Feb Late"]
[Site "Chess.com INT"]
[Date "2024.02.06"]
[Round "1"]
[White "Dobrikov, Marco"]
[Black "Harriott, Tyrell"]
[Result "1-0"]
[WhiteElo "2248"]
[BlackElo "1806"]
[PlyCount "109"]
[EventDate "2024.02.06"]
[EventType "swiss (blitz)"]
[EventRounds "11"]
[EventCountry "USA"]
[SourceTitle "CB07_2024"]
[SourceDate "2024.02.14"]
[SourceVersion "1"]
[SourceVersionDate "2024.02.14"]
[SourceQuality "1"]

1. Nf3 d6 2. g3 Nf6 3. Bg2 Nbd7 4. d4 e5 5. 0-0 Be7 6. c4 0-0 7. Nc3 c6 8. e4 Re8 9. Re1 Qc7 10. b3 Nf8 11. Bb2 Ng6 12. Qd2 Bd7 13. Rad1 Qc8 14. Ba3 Bh3 15. dxe5 d5 16. Bxe7 Bxg2 17. Kxg2 Nxe4 18. Nxe4 dxe4 19. Rxe4 Rxe7 20. Qd6 Qf5 21. Red4 Rae8 22. Re1 h5 23. h4 Nxe5 24. Rf4 Qd7 25. Qxd7 Nxd7 26. Rxe7 Rxe7 27. Rd4 f6 28. b4 Nb6 29. Nd2 Kf7 30. Kf3 Nd7 31. Ne4 Ne5+ 32. Kg2 b6 33. c5 b5 34. Nd6+ Ke6 35. f4 Ng4 36. f5+ Kd7 37. Nxb5+ Kc8 38. Nd6+ Kc7 39. Kf3 Re3+ 40. Kf4 Re2 41. a4 Rf2+ 42. Ke4 Ra2 43. a5 Ne5 44. Ne8+ Kc8 45. Nxg7 Re2+ 46. Kf4 Rf2+ 47. Ke3 Rf3+ 48. Ke2 Rxg3 49. Nxh5 Rg2+ 50. Kf1 Rh2 51. Nxf6 Nf3 52. Rf4 Ne5 53. Ne4 Rb2 54. f6 Nf7 55. Nd6+ 1-0

[Event "Titled Tuesday intern op 06th Feb Late"]
[Site "Chess.com INT"]
[Date "2024.02.06"]
[Round "5"]
[White "Donda, Jazmin"]
[Black "Harriott, Tyrell"]
[Result "0-1"]
[WhiteElo "1706"]
[BlackElo "1806"]
[PlyCount "38"]
[EventDate "2024.02.06"]
[EventType "swiss (blitz)"]
[EventRounds "11"]
[EventCountry "USA"]
[SourceTitle "CB07_2024"]
[SourceDate "2024.02.14"]
[SourceVersion "1"]
[SourceVersionDate "2024.02.14"]
[SourceQuality "1"]

1. e4 d6 2. c4 Nf6 3. Nc3 e5 4. Nf3 Be7 5. d4 Nbd7 6. g3 c6 7. Bg2 Qc7 8. 0-0 Nf8 9. dxe5 dxe5 10. Bg5 Ne6 11. Be3 h6 12. Nd2 Bd7 13. Qa4 Ng4 14. Rfe1 Nxe3 15. Rxe3 Bc5 16. Ree1 0-0 17. a3 Qb6 18. Rf1 Qxb2 19. Ncb1 Nd4 0-1

[Event "Titled Tuesday intern op 06th Feb Late"]
[Site "Chess.com INT"]
[Date "2024.02.06"]
[Round "8"]
[White "Harriott, Tyrell"]
[Black "Rietze, Clemens"]
[Result "1-0"]
[WhiteElo "1806"]
[BlackElo "2343"]
[PlyCount "37"]
[EventDate "2024.02.06"]
[EventType "swiss (blitz)"]
[EventRounds "11"]
[EventCountry "USA"]
[SourceTitle "CB07_2024"]
[SourceDate "2024.02.14"]
[SourceVersion "1"]
[SourceVersionDate "2024.02.14"]
[SourceQuality "1"]

1. d4 d5 2. e3 e6 3. Bd3 c5 4. c3 Nc6 5. f4 Nf6 6. Nf3 Be7 7. Nbd2 0-0 8. 0-0 b6 9. Ne5 Bb7 10. Qf3 Rc8 11. g4 Nd7 12. g5 f5 13. gxf6 Nxf6 14. Qh3 Qd6 15. Rf2 Nd8 16. Rg2 Ne4 17. Ndf3 Rf6 18. Bd2 Rh6 19. Qxh6 1-0

[Event "Titled Tuesday intern op 06th Feb Late"]
[Site "Chess.com INT"]
[Date "2024.02.06"]
[Round "4"]
[White "Tan, Ralph"]
[Black "Harriott, Tyrell"]
[Result "1-0"]
[WhiteElo "2004"]
[BlackElo "1806"]
[PlyCount "93"]
[EventDate "2024.02.06"]
[EventType "swiss (blitz)"]
[EventRounds "11"]
[EventCountry "USA"]
[SourceTitle "CB07_2024"]
[SourceDate "2024.02.14"]
[SourceVersion "1"]
[SourceVersionDate "2024.02.14"]
[SourceQuality "1"]

1. e4 d5 2. exd5 Nf6 3. Nf3 Qxd5 4. Nc3 Qh5 5. Be2 Bg4 6. d4 Nc6 7. Bb5 0-0-0 8. Bxc6 bxc6 9. Qe2 e6 10. Be3 Kb7 11. 0-0-0 Bb4 12. Qc4 Qa5 13. Na4 Qxa4 14. a3 Bd2+ 15. Nxd2 Qxc4 16. Nxc4 Bxd1 17. Rxd1 Nd5 18. Ne5 Rhf8 19. Bd2 f6 20. Nf3 Rde8 21. c4 Nb6 22. b3 e5 23. Be3 Nd7 24. dxe5 Nxe5 25. Nd4 Rd8 26. h3 Rfe8 27. c5 Rd5 28. b4 a5 29. Kc2 Nc4 30. Rd3 Nxe3+ 31. fxe3 axb4 32. axb4 Rde5 33. Kd2 Ra8 34. Rb3 Ra2+ 35. Kd3 Rxg2 36. b5 cxb5 37. Rxb5+ Ka6 38. Rb8 Rg3 39. Nc6 Rexe3+ 40. Kc4 Rc3+ 41. Kd5 Rgd3+ 42. Ke4 Re3+ 43. Kd4 Rcd3+ 44. Kc4 Rc3+ 45. Kd5 Rxh3 46. Ra8+ Kb5 47. Ra5# 1-0

[Event "Titled Tuesday intern op 16th Jan Early"]
[Site "Chess.com INT"]
[Date "2024.01.16"]
[Round "9"]
[White "Filippova, Margarita"]
[Black "Harriott, Tyrell"]
[Result "0-1"]
[WhiteElo "2026"]
[BlackElo "1802"]
[PlyCount "30"]
[EventDate "2024.01.16"]
[EventType "swiss (blitz)"]
[EventRounds "11"]
[EventCountry "USA"]
[SourceTitle "CB04_2024"]
[SourceDate "2023.10.16"]
[SourceVersion "1"]
[SourceVersionDate "2023.10.16"]
[SourceQuality "1"]

1. Nf3 d5 2. e3 e6 3. c4 c6 4. Nc3 Bd6 5. b3 f5 6. cxd5 exd5 7. Bb2 Nf6 8. d4 0-0 9. Bd3 Ne4 10. Qc2 Nd7 11. 0-0 Qf6 12. Nd2 Qh6 13. g3 Ndf6 14. f4 Ng4 15. Bxe4 Qxh2# 0-1

[Event "Titled Tuesday intern op 16th Jan Early"]
[Site "Chess.com INT"]
[Date "2024.01.16"]
[Round "11"]
[White "Harriott, Tyrell"]
[Black "Fernandez, Maria Florencia"]
[Result "1-0"]
[WhiteElo "1802"]
[BlackElo "2074"]
[PlyCount "65"]
[EventDate "2024.01.16"]
[EventType "swiss (blitz)"]
[EventRounds "11"]
[EventCountry "USA"]
[SourceTitle "CB04_2024"]
[SourceDate "2023.10.16"]
[SourceVersion "1"]
[SourceVersionDate "2023.10.16"]
[SourceQuality "1"]

1. d4 Nf6 2. e3 g6 3. Bd3 Bg7 4. f4 0-0 5. Nf3 d6 6. 0-0 Nc6 7. e4 e5 8. d5 Ne7 9. fxe5 dxe5 10. c4 Nh5 11. Be3 Nf4 12. Bc5 h6 13. Nc3 f5 14. Ba3 Rf7 15. Bc2 g5 16. Bb3 fxe4 17. Nxe4 Nf5 18. c5 Ne3 19. Qd2 Nxf1 20. Rxf1 Kh8 21. g3 Nh3+ 22. Kg2 g4 23. Nh4 Rxf1 24. Kxf1 Qe8 25. d6 cxd6 26. Nxd6 Qc6 27. Nf7+ Kh7 28. Bd5 Qf6+ 29. Kg2 Bf5 30. Qe3 Bg6 31. Nxg6 Kxg6 32. Nd6 h5 33. Be4+ 1-0

[Event "Titled Tuesday intern op 16th Jan Early"]
[Site "Chess.com INT"]
[Date "2024.01.16"]
[Round "8"]
[White "Harriott, Tyrell"]
[Black "Novikova, Margarita"]
[Result "1-0"]
[WhiteElo "1802"]
[BlackElo "1999"]
[PlyCount "99"]
[EventDate "2024.01.16"]
[EventType "swiss (blitz)"]
[EventRounds "11"]
[EventCountry "USA"]
[SourceTitle "CB04_2024"]
[SourceDate "2023.10.16"]
[SourceVersion "1"]
[SourceVersionDate "2023.10.16"]
[SourceQuality "1"]

1. d4 d5 2. e3 Nd7 3. Bd3 e5 4. f4 exd4 5. exd4 Ngf6 6. Nf3 Bd6 7. 0-0 0-0 8. Nbd2 a5 9. Ne5 c6 10. c3 Qc7 11. Qf3 Re8 12. g4 Nf8 13. g5 N6d7 14. Qh5 Bxe5 15. fxe5 g6 16. Qh6 Ne6 17. Rxf7 Kxf7 18. Qxh7+ Kf8 19. Bxg6 Nf6 20. Qh8+ Ng8 21. Bxe8 Kxe8 22. Qxg8+ Nf8 23. Nf3 Qf7 24. Qxf7+ Kxf7 25. Nh4 Ng6 26. Ng2 Bf5 27. Be3 Be4 28. Rf1+ Kg7 29. Rf6 Rh8 30. e6 Rf8 31. Rxf8 Kxf8 32. Nf4 Nxf4 33. Bxf4 Ke7 34. h4 Bg6 35. Kf2 Kxe6 36. Kf3 Kf5 37. Kg3 a4 38. Bd6 Bh5 39. Bc5 Bd1 40. Bb6 Be2 41. Bd8 Bd1 42. Kf2 Bh5 43. Ke3 Bg4 44. Kd3 Kg6 45. c4 Be6 46. c5 Bg4 47. Kc3 Bd1 48. Kb4 Kh5 49. Ka5 Bg4 50. Kb6 1-0

[Event "Titled Tuesday intern op 16th Jan Early"]
[Site "Chess.com INT"]
[Date "2024.01.16"]
[Round "7"]
[White "Sakun, Volodymyr"]
[Black "Harriott, Tyrell"]
[Result "1-0"]
[WhiteElo "2356"]
[BlackElo "1802"]
[PlyCount "180"]
[EventDate "2024.01.16"]
[EventType "swiss (blitz)"]
[EventRounds "11"]
[EventCountry "USA"]
[SourceTitle "CB04_2024"]
[SourceDate "2023.10.16"]
[SourceVersion "1"]
[SourceVersionDate "2023.10.16"]
[SourceQuality "1"]

1. e4 d6 2. d4 Nf6 3. Nc3 Nbd7 4. f3 c6 5. Be3 e5 6. Nge2 Be7 7. g4 h6 8. Bg2 Qb6 9. b3 d5 10. Na4 Qc7 11. h3 dxe4 12. fxe4 exd4 13. Bxd4 0-0 14. 0-0 Ne5 15. Qe1 Ng6 16. Qg3 Bd6 17. Qf2 Nd7 18. c4 Nde5 19. Rad1 Be6 20. Nb2 Rfd8 21. Nd3 Be7 22. Ndf4 Bh4 23. Qe3 Bg5 24. Qg3 Nxf4 25. Nxf4 Rxd4 26. Rxd4 Qb6 27. Rfd1 Rd8 28. Ne2 Bf6 29. Kh1 Re8 30. R4d2 Ng6 31. Nd4 Be5 32. Qf2 Bc8 33. Nf5 Qa5 34. Nd6 Rf8 35. Nxc8 Rxc8 36. Qf5 Rf8 37. Bf1 Qc3 38. Bg2 Qg3 39. Kg1 Nh4 40. Qf2 Qh2+ 41. Kf1 Bg3 42. Qg1 Nxg2 43. Qxh2 Ne3+ 44. Ke2 Bxh2 45. Kxe3 Be5 46. Rd7 Bf6 47. Rxb7 a5 48. Rdd7 Re8 49. Rxf7 Be5 50. Rfe7 Rxe7 51. Rxe7 Bc3 52. Kd3 Bb4 53. Rc7 c5 54. Kc2 Ba3 55. Ra7 Bb4 56. Kb2 Bd2 57. Rc7 Bb4 58. a3 Bd2 59. Rxc5 Bf4 60. Rc6 Kf8 61. b4 axb4 62. axb4 Ke7 63. b5 Kd7 64. Rg6 Kc8 65. Kb3 Be5 66. c5 Bf6 67. Kc4 Kd8 68. Kd5 Ke7 69. c6 Ke8 70. b6 Kd8 71. Ke6 Bd4 72. b7 Kc7 73. Kd5 Bc3 74. Re6 Bf6 75. Re8 Bd8 76. Rxd8 Kxd8 77. b8Q+ Ke7 78. Qb7+ Kf6 79. Qd7 Kg6 80. Ke6 Kg5 81. Qxg7+ Kh4 82. Qxh6+ Kg3 83. g5 Kf4 84. g6+ Kxe4 85. g7 Kd4 86. g8Q Kc5 87. Qgg5+ Kxc6 88. Qhh4 Kc7 89. Qd4 Kb7 90. Qgc5 Ka6 1-0

[Event "Titled Tuesday intern op 09th Jan Early"]
[Site "Chess.com INT"]
[Date "2024.01.09"]
[Round "1"]
[White "Harriott, Tyrell"]
[Black "Injac, Teodora"]
[Result "1-0"]
[WhiteElo "1802"]
[BlackElo "2439"]
[PlyCount "69"]
[EventDate "2024.01.09"]
[EventType "swiss (blitz)"]
[EventRounds "11"]
[EventCountry "USA"]
[SourceTitle "CB03_2024"]
[SourceDate "2024.01.17"]
[SourceVersion "1"]
[SourceVersionDate "2024.01.17"]
[SourceQuality "1"]

1. d4 Nf6 2. e3 d5 3. Bd3 e6 4. f4 b6 5. c3 Be7 6. Nf3 0-0 7. 0-0 Ba6 8. Bxa6 Nxa6 9. Nbd2 c5 10. Ne5 Qc8 11. Qf3 Qb7 12. g4 b5 13. a3 Rac8 14. g5 Ne4 15. Nxe4 dxe4 16. Qh5 cxd4 17. exd4 Nc7 18. Be3 Nd5 19. Rae1 a5 20. Bd2 b4 21. axb4 axb4 22. c4 Nb6 23. b3 Ra8 24. Re3 g6 25. Qh6 Bd8 26. Rh3 f5 27. gxf6 Bxf6 28. Rg3 Qg7 29. Qh3 Bxe5 30. Qxe6+ Kh8 31. dxe5 Nd7 32. Bxb4 Rfe8 33. Qd5 Ra2 34. Bc3 Rc2 35. Bd4 1-0

[Event "Titled Tuesday intern op 09th Jan Early"]
[Site "Chess.com INT"]
[Date "2024.01.09"]
[Round "9"]
[White "Harriott, Tyrell"]
[Black "Parfenov, Viktor N"]
[Result "0-1"]
[WhiteElo "1802"]
[BlackElo "2193"]
[PlyCount "114"]
[EventDate "2024.01.09"]
[EventType "swiss (blitz)"]
[EventRounds "11"]
[EventCountry "USA"]
[SourceTitle "CB03_2024"]
[SourceDate "2024.01.17"]
[SourceVersion "1"]
[SourceVersionDate "2024.01.17"]
[SourceQuality "1"]

1. d4 d5 2. e3 Nf6 3. Bd3 c5 4. c3 Nc6 5. f4 Bg4 6. Ne2 e6 7. Nd2 Bd6 8. 0-0 0-0 9. Nf3 Bf5 10. Ng3 Bxd3 11. Qxd3 Nd7 12. Bd2 f5 13. b3 Nf6 14. Rac1 Ne4 15. Be1 a6 16. Qe2 b5 17. Nxe4 fxe4 18. Ng5 Qe7 19. Qg4 Rae8 20. Nh3 c4 21. b4 Qf7 22. a4 h6 23. Ra1 Qf5 24. Qe2 Ra8 25. Bh4 Rfb8 26. Kh1 Bxb4 27. cxb4 Nxb4 28. g4 Qf7 29. Rg1 Nd3 30. g5 h5 31. g6 Qf5 32. Qg2 Qg4 33. Bg3 Qf3 34. Nf2 b4 35. Nxd3 Qxg2+ 36. Kxg2 exd3 37. Be1 c3 38. Kf3 Rc8 39. Rg2 Rab8 40. Rb1 c2 41. Rc1 b3 42. Bd2 b2 43. Rgg1 bxc1Q 44. Bxc1 Rb1 45. Kf2 Rxc1 46. Rxc1 d2 47. Rf1 d1Q 48. Kg2 Qxf1+ 49. Kxf1 c1Q+ 50. Kf2 Rc2+ 51. Kf3 Qf1+ 52. Kg3 Re2 53. Kh4 Rxe3 54. Kg5 Qg2+ 55. Kxh5 Re4 56. h4 Qf3+ 57. Kg5 Qxf4+ 0-1

[Event "Titled Tuesday intern op 09th Jan Early"]
[Site "Chess.com INT"]
[Date "2024.01.09"]
[Round "4"]
[White "Volkov, Maksim"]
[Black "Harriott, Tyrell"]
[Result "1-0"]
[WhiteElo "2271"]
[BlackElo "1802"]
[PlyCount "67"]
[EventDate "2024.01.09"]
[EventType "swiss (blitz)"]
[EventRounds "11"]
[EventCountry "USA"]
[SourceTitle "CB03_2024"]
[SourceDate "2024.01.17"]
[SourceVersion "1"]
[SourceVersionDate "2024.01.17"]
[SourceQuality "1"]

1. e4 d5 2. exd5 Nf6 3. d4 Qxd5 4. Nc3 Qd6 5. g3 a6 6. Bg2 Nc6 7. Nge2 Bg4 8. Bf4 e5 9. dxe5 Nxe5 10. 0-0 0-0-0 11. Bxe5 Qxe5 12. Bxb7+ Kxb7 13. Qxd8 Bd6 14. Qxh8 Bf3 15. Qxg7 Qh5 16. Qxf6 Bc6 17. Nd4 Bd7 18. Qf3+ Qxf3 19. Nxf3 Bc6 20. Nd4 Bd7 21. Rad1 f5 22. Rfe1 f4 23. Nb3 Bg4 24. Rxd6 cxd6 25. gxf4 Kc6 26. Re7 h6 27. Nd4+ Kc5 28. Ne6+ Kc6 29. Rc7+ Kb6 30. Nd5+ Ka5 31. Nd4 h5 32. Rc3 Bd7 33. Ra3+ Ba4 34. b4# 1-0

[Event "Titled Tuesday intern op 12th Dec Early"]
[Site "Chess.com INT"]
[Date "2023.12.12"]
[Round "3"]
[White "Rogov, Matfey"]
[Black "Harriott, Tyrell"]
[Result "1-0"]
[WhiteElo "2213"]
[BlackElo "1802"]
[PlyCount "53"]
[EventDate "2023.12.12"]
[EventType "swiss (blitz)"]
[EventRounds "11"]
[EventCountry "USA"]
[SourceTitle "CB51_2023"]
[SourceDate "2023.12.20"]
[SourceVersion "1"]
[SourceVersionDate "2023.12.20"]
[SourceQuality "1"]

1. a4 e6 2. Ra3 Bxa3 3. Nxa3 f5 4. b3 Nf6 5. Bb2 0-0 6. Qa1 d5 7. e3 c6 8. f4 Nbd7 9. Nf3 Qe7 10. h3 b6 11. Rg1 Ne4 12. g4 g6 13. d3 Nef6 14. Nb1 Bb7 15. Nbd2 Rae8 16. Be2 Qd6 17. Ne5 c5 18. h4 fxg4 19. Bxg4 Qe7 20. h5 Nxg4 21. Rxg4 Nxe5 22. Bxe5 Qf7 23. Ke2 Qf5 24. Rg5 Qh3 25. Qg1 Rf7 26. hxg6 hxg6 27. Rxg6+ 1-0

[Event "Titled Tuesday intern op 12th Dec Early"]
[Site "Chess.com INT"]
[Date "2023.12.12"]
[Round "2"]
[White "Willy, Stephen"]
[Black "Harriott, Tyrell"]
[Result "1-0"]
[WhiteElo "2080"]
[BlackElo "1802"]
[PlyCount "57"]
[EventDate "2023.12.12"]
[EventType "swiss (blitz)"]
[EventRounds "11"]
[EventCountry "USA"]
[SourceTitle "CB51_2023"]
[SourceDate "2023.12.20"]
[SourceVersion "1"]
[SourceVersionDate "2023.12.20"]
[SourceQuality "1"]

1. e4 d5 2. exd5 Nf6 3. d4 Qxd5 4. Nc3 Qa5 5. Nf3 Ne4 6. Bd3 Nxc3 7. bxc3 Bg4 8. 0-0 e6 9. Rb1 b6 10. h3 Bh5 11. Rb5 Qxc3 12. Rxh5 c6 13. Re1 Be7 14. Bd2 Qa3 15. Ne5 g6 16. Bxg6 fxg6 17. Nxg6 Rg8 18. Nxe7 Qxe7 19. Rhe5 Qg7 20. Rxe6+ Kd7 21. Qf3 Kc8 22. Rxc6+ Kd8 23. Rd6+ Kc7 24. Bf4 Kc8 25. Qxa8 Qb7 26. Rc6+ Qxc6 27. Qxb8+ Kd7 28. Qxg8 Qf6 29. Qe8# 1-0